000 00524nam a2200181Ia 4500
005 20250508160554.0
008 008 250505s9999 xx 000 0 eng d
037 _aBooks to be hide in OPAC
040 _aFEDL
_beng
_cFEDL
041 _aeng
_2eng
084 _a027.5, GRE
_qFEDL
245 0 _aReport of the national libraries committee
260 _aLondon, UK
_bHer Majesty's stationery Office
300 _axv,319p.
650 _aLibrary science
942 _cHB
_h027.5, GRE
999 _c1365389
_d1365389